Asian Size Comparision - Statistics

General Stats
  • This quiz has been taken 23 times
  • The average score is 31 of 48
Answers on the Map
Answers color-coded by a green-red scale on the quiz's map according to % correct below.
 
Answer Stats
Answer % Correct
Singapore
93%
Bahrain
80%
Brunei
80%
Cyprus
80%
Kuwait
80%
Maldives
80%
Qatar
80%
Armenia
73%
Bhutan
73%
Israel
73%
Lebanon
73%
Nepal
73%
Taiwan
73%
United Arab Emirates
73%
Azerbaijan
67%
Bangladesh
67%
Cambodia
67%
China
67%
East-Timor
67%
Georgia
67%
Jordan
67%
North Korea
67%
Oman
67%
South Korea
67%
Sri Lanka
67%
India
60%
Indonesia
60%
Iran
60%
Kazakhstan
60%
Kyrgyzstan
60%
Laos
60%
Malaysia
60%
Mongolia
60%
Pakistan
60%
Philippines
60%
Saudi-Arabia
60%
Tajikistan
60%
Turkey
60%
Afghanistan
53%
Iraq
53%
Japan
53%
Myanmar
53%
Syria
53%
Thailand
53%
Turkmenistan
53%
Uzbekistan
53%
Vietnam
53%
Yemen
53%
No matching quizzes found
Score Distribution
Percent of People with Each Score
Percentile by Number Answered
Your Score History
You have not taken this quiz